| 000 | 00645cam a22002291 4500 | ||
|---|---|---|---|
| 001 | 4057077 | ||
| 003 | ARRUPE | ||
| 005 | 20131107174054.0 | ||
| 008 | 730306s1959 nyu 000 0 eng | ||
| 010 | _a 59015193 | ||
| 040 |
_aDLC _cDLC _dDLC |
||
| 050 | 1 | 0 |
_aPS3505.U334 _bA17 1959 |
| 082 | 0 | 0 | _a811.52 |
| 100 | 1 |
_aCummings, E. E. _q(Edward Estlin), _d1894-1962. _93507 |
|
| 245 | 0 | 0 | _a100 selected poems. |
| 250 | _a[1st Evergreen ed.] | ||
| 260 |
_aNew York, _bGrove Press _c[1959] |
||
| 300 |
_a121 p. _c21 cm. |
||
| 490 | 0 | _aAn Evergreen book, E-190 | |
| 906 |
_a7 _bcbc _corignew _du _eocip _f19 _gy-gencatlg |
||
| 942 |
_2lcc _cMONOGRAPH |
||
| 999 |
_c118587 _d118587 |
||